Producción de papas /

Guardado en:
Autor Principal: Tocagni, Héctor
Formato: Libro
Publicado: Buenos Aires : Albatros, 1980
Materias:
Etiquetas: Agregar Etiqueta
Sin Etiquetas, Sea el primero en etiquetar este registro!
LEADER 00527nam a22001935a 4500
001 CEM.cems016189
005 20100316171119.0
008 130507s1980##################000#0#####d
003 CEMS
082 0 4 |a 633.4 
100 1 |a Tocagni, Héctor 
245 1 0 |a Producción de papas /  |c Hector Coord Tocagni, 
260 |a Buenos Aires :  |b Albatros,  |c 1980 
300 |a 171 p. 
653 |a Agricultura 
653 |a Papas-riego 
653 |a Papas-almacenaje 
653 |a Papas 
859 |a CEMS  |b BIB. CEMS - Agricultura  |h 633.4  |i T561  |p A12227.83  |t Ej.1